Quais sao os corredores de F1 dessas equipes? - Statistics

Estatísticas Gerais
  • Esse quiz foi jogado 82 vezes
  • A pontuação média é 8 de 10
Estatísticas das Respostas
equipes Resposta % Correto
Ferrari Charles LeclercCarlos Sainz Jr
89%
Mercedes Lewis HamiltonGeorge Russel
87%
Red Bull Max VerstappenSergio Perez
86%
Alpine Pierre GaslyEsteban Ocon
86%
Sauber Stake Ghan ZouValteri Bottas
83%
McLaren Lando NorrisOscar Piastri
83%
Aston Martin Fernando AlonsoLance Stroll
78%
Racing Bulls Daniel RicciardoYuki Tsunoda
73%
Williams Logan SargeantAlexander Albon
70%
Haas Kevin MagnussenNico Hulkenberg
68%
Nenhum quiz correspondente encontrado
Distribuição das Pontuações
Porcentagem de Pessoas com Cada Pontuação
Percentil de Números Respondidos
Sua Pontuação Histórica
Você não jogou esse quiz